| 000 | 01023nam a22002895i 4500 | ||
|---|---|---|---|
| 001 | 11564 | ||
| 003 | ES-MaACL | ||
| 005 | 20230906150128.0 | ||
| 007 | t| | ||
| 008 | 920402s1991 sp ||||0| spa d | ||
| 020 | _a84-309-2071-4 | ||
| 040 |
_aM-BN _bspa _cM-BN |
||
| 080 | _a929 Alonso Martínez, Manuel | ||
| 080 | _a34 Alonso Martínez, Manuel | ||
| 080 | _a32 Alonso Martínez, Manuel | ||
| 245 | 0 | 0 |
_aManuel Alonso Martínez _b: vida y obra / _cCarlos Rogel y Carlos Vattier (coordinadores). |
| 260 |
_aMadrid : _bTecnos ; _aBurgos : _bCaja de Ahorros Municipal de Burgos, _cD.L. 1991. |
||
| 300 |
_aXXII, 1374 p ; _c25 cm. |
||
| 504 | _aBibliografía: p. 1339-1349. Indices. | ||
| 600 | 1 | 4 |
_aAlonso Martínez, Manuel, _d1827-1891 _920356 |
| 700 | 1 |
_aRogel Vide, Carlos. _998924 |
|
| 700 | 1 |
_aVattier Fuenzalida, Carlos. _9113302 |
|
| 700 | 1 |
_aAlonso Martínez, Manuel, _d1827-1891 _920356 |
|
| 710 | 2 |
_aCaja de Burgos. _9151308 |
|
| 852 |
_aES-MaACL _jL-18946 _bR.124954 |
||
| 999 |
_c11564 _d11564 |
||